000 00722nam a2200253 a 4500
999 _c8558
_d8558
001 8558
003 BD-JhCC
005 20180227162258.0
008 871009s1987 caua 001 0 eng
020 _a0534069525 (pbk.)
035 _a(BD-JhCC)
040 _aDLC
_cDLC
_dDLC
_d(BD-JhCC)8558
041 _aeng
050 0 0 _aHB172.5
_b.A46 1987
082 0 0 _a339
_219
_bAMO 1987
100 1 _aAmos, Orley M.,
_d1954-
245 1 0 _aMacroeconomics :
_bconcepts, analysis, and applications /
_cOrley M. Amos, Jr.
260 _aBelmont, Calif. :
_bWadsworth Pub. Co.,
_cc1987.
300 _axix, 762 p. :
_bcol. ill. ;
_c24 cm.
500 _aIncludes index.
650 0 _aMacroeconomics.
942 _2ddc
_cBK